Policing the cyber space to prevent online child sexual exploitation materials (Record no. 526156)

000 -LEADER
fixed length control field 01189nam a22001457a 4500
008 - FIXED-LENGTH DATA ELEMENTS--GENERAL INFORMATION
fixed length control field 240513b ||||| |||| 00| 0 eng d
100 ## - MAIN ENTRY--PERSONAL NAME
Personal name Arumugham, Shvalaxmi and Shekhar, Beulah
245 ## - TITLE STATEMENT
Title Policing the cyber space to prevent online child sexual exploitation materials
260 ## - PUBLICATION, DISTRIBUTION, ETC. (IMPRINT)
Place of publication, distribution, etc The Indian Police Journal
300 ## - PHYSICAL DESCRIPTION
Extent 69(4), Oct-Dec, 2022: p.20-30
520 ## - SUMMARY, ETC.
Summary, etc Online child pornography that consists of various media with the involvement of children in sexual acts, either as simulation or real, poses a huge threat to the children. This research article explores the policing techniques that has been developed and implemented to identify potential offenders, help victims and prevent the spread of child sexual exploitative materials. The policing activities of law enforcement and public to combat this form of child sexual abuse have been discussed. With the use of existing literature, the article highlights the various challenges that the law enforcement faces and presents suitable recommendations.- Reproduced

https://bprd.nic.in/uploads/pdf/October-December_2022.pdf
773 ## - HOST ITEM ENTRY
Main entry heading The Indian Police Journal
906 ## - LOCAL DATA ELEMENT F, LDF (RLIN)
Subject DIP CYBER SECURITY
942 ## - ADDED ENTRY ELEMENTS (KOHA)
Item type Articles
Holdings
Withdrawn status Lost status Source of classification or shelving scheme Damaged status Not for loan Permanent location Current location Date acquired Serial Enumeration / chronology Barcode Date last seen Koha item type
          Indian Institute of Public Administration Indian Institute of Public Administration 2024-05-13 69(4), Oct-Dec, 2022: p.20-30 AR131904 2024-05-13 Articles

Powered by Koha